Reformation theology : (Record no. 9225)

MARC details
000 -LEADER
fixed length control field 03694cam a2200385 i 4500
001 - CONTROL NUMBER
control field 950450445
003 - CONTROL NUMBER IDENTIFIER
control field OCoLC
005 - DATE AND TIME OF LATEST TRANSACTION
control field 20241126110707.0
008 - FIXED-LENGTH DATA ELEMENTS--GENERAL INFORMATION
fixed length control field 160531s2017 ilu b 001 0 eng
010 ## -
-- 2016022741
020 ## - INTERNATIONAL STANDARD BOOK NUMBER
International Standard Book Number 9781433543289 (hc)
020 ## - INTERNATIONAL STANDARD BOOK NUMBER
International Standard Book Number 1433543281 (hc)
035 ## - SYSTEM CONTROL NUMBER
System control number (OCoLC)950450445
Canceled/invalid control number (OCoLC)992100279
040 ## - CATALOGING SOURCE
Original cataloging agency DLC
Language of cataloging eng
Description conventions rda
Transcribing agency DLC
Modifying agency BTCTA
-- YDXCP
-- OCLCF
-- WIO
-- DTM
-- IHT
042 ## -
-- pcc
050 00 -
-- BR305.3
-- .R425 2017
082 00 - DEWEY DECIMAL CLASSIFICATION NUMBER
Classification number 230.4
Edition information 23
Item number REF
092 ## - LOCALLY ASSIGNED DEWEY CALL NUMBER (OCLC)
Classification number 230.4
Item number R25b
245 00 - TITLE STATEMENT
Title Reformation theology :
Remainder of title a systematic summary /
Statement of responsibility, etc. edited by Matthew Barrett ; prologue by Michael Horton.
264 #1 - PRODUCTION, PUBLICATION, DISTRIBUTION, MANUFACTURE, AND COPYRIGHT NOTICE
Place of production, publication, distribution, manufacture Wheaton, Illinois :
Name of producer, publisher, distributor, manufacturer Crossway,
Date of production, publication, distribution, manufacture, or copyright notice [2017]
300 ## - PHYSICAL DESCRIPTION
Extent 784 pages ;
Dimensions 24 cm
336 ## - CONTENT TYPE
Content type term text
Source rdacontent
337 ## - MEDIA TYPE
Media type term unmediated
Source rdamedia
338 ## - CARRIER TYPE
Carrier type term volume
Source rdacarrier
504 ## - BIBLIOGRAPHY, ETC. NOTE
Bibliography, etc. note Includes bibliographical references and indexes.
505 00 - FORMATTED CONTENTS NOTE
Miscellaneous information Prologue :
Title What are we celebrating? : taking stock after five centuries /
Statement of responsibility Michael Horton --
Miscellaneous information Introduction : --
-- 1. The crux of genuine reform /
Statement of responsibility Matthew Barrett --
Miscellaneous information Part 1.
Title Historical Background to the Reformation : --
Miscellaneous information 2. Late medieval theology /
Statement of responsibility Gerald Bray --
Miscellaneous information 3.
Title The Reformers and their reformations /
Statement of responsibility Carl R. Trueman and
-- Eunjin Kim --
Miscellaneous information Part 2.
Title Reformation Theology : -- 4.
-- Sola Scriptura /
Statement of responsibility Mark D. Thompson --
Miscellaneous information 5.
Title The Holy Trinity /
Statement of responsibility Michael Reeves --
Miscellaneous information 6.
Title The being and attributes of God /
Statement of responsibility Scott R. Swain --
Miscellaneous information 7.
Title Predestination and election /
Statement of responsibility Cornelis P. Venema --
Miscellaneous information 8.
Title Creation, mankind, and the image of God /
Statement of responsibility Douglas F. Kelly --
Miscellaneous information 9
Title The person of Christ /
Statement of responsibility Robert Letham --
Miscellaneous information 10.
Title The work of Christ /
Statement of responsibility Donald Macleod --
Miscellaneous information 11.
Title The Holy Spirit /
Miscellaneous information Graham A. Cole --
-- 12.
Title Union with Christ /
Statement of responsibility J. V. Fesko --
Miscellaneous information 13.
Title The bondage and liberation of the will /
Statement of responsibility Matthew Barrett --
Miscellaneous information 14.
Title Justification by faith alone /
Statement of responsibility Korey D. Maas --
Miscellaneous information 15.
Title Sanctification, perseverance, and assurance /
Statement of responsibility Michael Allen --
Miscellaneous information 16. The church /
Statement of responsibility Robert Kolb --
Miscellaneous information 17. Baptism /
Statement of responsibility Aaron Clay Denlinger --
Miscellaneous information 18.
Title The Lord's Supper /
Statement of responsibility Keith A. Mathison --
Miscellaneous information 19.
Title The relationship of church and state /
Statement of responsibility Peter A. Lillback --
Miscellaneous information 20.
Title Eschatology /
Statement of responsibility Kim Riddlebarger
520 ## - SUMMARY, ETC.
Summary, etc. Five hundred years ago, the Reformers were defending doctrines such as justification by faith alone, the authority of Scripture, and God's grace in salvation--some to the point of death. Many of these same essential doctrines are still being challenged today, and there has never been a more crucial time to hold fast to the enduring truth of Scripture. In Reformation Theology, Matthew Barrett has brought together a team of expert theologians and historians writing on key doctrines taught and defended by the Reformers centuries ago. With contributions from Michael Horton, Gerald Bray, Michael Reeves, Carl Trueman, Robert Kolb, and many others, this volume stands as a manifesto for the church, exhorting Christians to learn from our spiritual forebears and hold fast to sound doctrine rooted in the Bible and passed on from generation to generation. --
Assigning source Provided by publisher.
650 #0 - SUBJECT ADDED ENTRY--TOPICAL TERM
Topical term or geographic name entry element Reformation.
Authority record control number or standard number http://id.loc.gov/authorities/subjects/sh85112228
9 (RLIN) 660
650 #0 - SUBJECT ADDED ENTRY--TOPICAL TERM
Topical term or geographic name entry element Theology, Doctrinal
General subdivision History
Chronological subdivision 16th century.
Authority record control number or standard number http://id.loc.gov/authorities/subjects/sh85134690
9 (RLIN) 16044
655 #7 - INDEX TERM--GENRE/FORM
Genre/form data or focus term History.
Source of term fast
Authority record control number or standard number http://id.worldcat.org/fast/1411628
9 (RLIN) 661
700 1# - ADDED ENTRY--PERSONAL NAME
Personal name Barrett, Matthew,
Dates associated with a name 1982-
Authority record control number or standard number http://id.loc.gov/authorities/names/n2013007309
Relator term editor.
9 (RLIN) 14974
700 1# - ADDED ENTRY--PERSONAL NAME
Personal name Horton, Michael Scott,
Authority record control number or standard number http://id.loc.gov/authorities/names/n85334803
Relator term writer of foreword.
9 (RLIN) 2781
776 08 - ADDITIONAL PHYSICAL FORM ENTRY
Relationship information Online version:
Title Reformation theology
Place, publisher, and date of publication Wheaton, Illinois : Crossway, 2017
International Standard Book Number 9781433543296
Record control number (DLC) 2016025534.
942 ## - ADDED ENTRY ELEMENTS (KOHA)
Source of classification or shelving scheme Dewey Decimal Classification
Koha item type Books
Koha issues (borrowed), all copies 2
Holdings
Withdrawn status Lost status Source of classification or shelving scheme Damaged status Not for loan Home library Current Library Shelving location Date acquired Total checkouts Full call number Barcode Date last seen Date last checked out Copy number Price effective from Koha item type
    Dewey Decimal Classification     GRACE BIBLE COLLEGE GRACE BIBLE COLLEGE Theology 2022-06-16 2 230.4 REF 015664 2025-05-01 2024-09-27 c.1 2022-06-16 Books
© Grace Bible College Library 2025